[Event "OLSW 1819 SC Caissa Schwarzenbach - SC "]
[Site "?"]
[Date "2019.02.03"]
[Round "6.4"]
[White "Weller, Manuel"]
[Black "Puth, Dieter"]
[Result "0-1"]
[WhiteElo "2258"]
[BlackElo "2215"]
[PlyCount "74"]
[EventDate "2019.??.??"]

1. c4 c5 2. Nc3 Nc6 3. g3 g6 4. Bg2 Bg7 5. a3 a6 6. Rb1 Rb8 7. b4 cxb4 8. axb4
b5 9. cxb5 axb5 10. e3 e6 11. Nge2 Nge7 12. O-O O-O 13. d4 d5 14. Nf4 Nf5 15.
Nd3 Nd6 16. Nc5 Nc4 17. Qe2 Bd7 18. Bd2 Qe7 19. Rfc1 Kh8 20. Be1 Be8 21. Nd1 f5
22. Nb2 g5 23. Nxc4 dxc4 24. Ra1 f4 25. Ra6 Rc8 26. Bh3 fxe3 27. fxe3 Nxd4 28.
exd4 Bxd4+ 29. Kh1 Rxc5 30. bxc5 Qb7+ 31. Bg2 Qxa6 32. Qe4 Rf1+ 33. Bxf1 Bc6
34. Bg2 Bxe4 35. Bxe4 Qa3 36. c6 Qxc1 37. c7 Qxe1+ 0-1

[Event "OLSW 1819 SC Caissa Schwarzenbach - SC "]
[Site "?"]
[Date "2019.02.03"]
[Round "6.5"]
[White "Ronge, Tim Hendrick"]
[Black "Oberhofer, Andre"]
[Result "0-1"]
[WhiteElo "2069"]
[BlackElo "2276"]
[PlyCount "106"]
[EventDate "2019.??.??"]

1. d4 Nf6 2. c4 e6 3. Nc3 Bb4 4. g3 O-O 5. Bg2 d5 6. Nf3 c6 7. O-O Nbd7 8. Qc2
b6 9. Bf4 Bb7 10. a3 Bxc3 11. Qxc3 c5 12. Rfd1 Rc8 13. Ne5 Nh5 14. cxd5 Nxf4
15. gxf4 exd5 16. dxc5 Nxc5 17. Rac1 Ne6 18. Qg3 Rxc1 19. Rxc1 Qf6 20. e3 Rd8
21. Rd1 Qf5 22. Qg4 Qxg4 23. Nxg4 f6 24. h3 Kf7 25. Nh2 Ke7 26. Nf3 Rc8 27. f5
Nc5 28. Nd4 Na4 29. b3 Nb2 30. Rd2 Rc1+ 31. Kh2 Nd1 32. Kg3 Nc3 33. Rc2 Rxc2
34. Nxc2 Kd6 35. Nd4 Ba6 36. Bf3 Bd3 37. Kf4 Nb1 38. a4 Nc3 39. Bg2 Ne2+ 40.
Nxe2 Bxe2 41. b4 a5 42. bxa5 bxa5 43. Bf3 Bxf3 44. Kxf3 Kc5 45. e4 dxe4+ 46.
Kxe4 Kb4 47. Kd5 Kxa4 48. Kc4 h6 49. f3 h5 50. h4 Ka3 51. Kc3 a4 52. f4 Ka2 53.
Kc2 a3 0-1

[Event "OLSW 1819 SC Caissa Schwarzenbach - SC "]
[Site "?"]
[Date "2019.02.03"]
[Round "6.6"]
[White "Czybik, Nils Patrick"]
[Black "Roos, Thomas"]
[Result "1/2-1/2"]
[WhiteElo "2160"]
[BlackElo "2155"]
[PlyCount "48"]
[EventDate "2019.??.??"]

1. d4 Nf6 2. c4 d6 3. Nf3 Nbd7 4. g3 e5 5. Nc3 Be7 6. Bg2 O-O 7. O-O c6 8. Qc2
Re8 9. Rd1 Qc7 10. b3 Bf8 11. e4 a6 12. Bb2 b5 13. cxb5 cxb5 14. Rac1 Bb7 15.
Qe2 Qb6 16. dxe5 dxe5 17. Nd5 Nxd5 18. exd5 Rad8 19. Qc2 Rc8 20. Qf5 Qd6 21.
Ng5 Nf6 22. Ne4 Nxe4 23. Qxe4 Qd7 24. Rxc8 Qxc8 1/2-1/2

[Event "OLSW 1819 SC Caissa Schwarzenbach - SC "]
[Site "?"]
[Date "2019.02.03"]
[Round "6.7"]
[White "Fink, Christian"]
[Black "Grewenig, Jan"]
[Result "1/2-1/2"]
[WhiteElo "2149"]
[BlackElo "2149"]
[PlyCount "146"]
[EventDate "2019.??.??"]

1. e4 c5 2. Nf3 d6 3. d4 cxd4 4. Qxd4 a6 5. Be3 Nc6 6. Qd2 Nf6 7. Nc3 e6 8.
O-O-O Qc7 9. Bf4 Ng4 10. Rg1 Nge5 11. Bxe5 dxe5 12. Nd5 exd5 13. exd5 Nd4 14.
Nxd4 exd4 15. Qxd4 Bf5 16. Bd3 Bxd3 17. Rge1+ Be7 18. Rxd3 O-O 19. d6 Bxd6 20.
Qxd6 Qa5 21. Qe5 Qxa2 22. h4 Rac8 23. Ra3 Qc4 24. Rc3 Qa4 25. Rxc8 Rxc8 26. b3
Qc6 27. Re2 h6 28. Qe4 Qf6 29. Kb1 Rd8 30. Re1 Qxf2 31. Qe7 Rd2 32. Rc1 Qxg2
33. Qe8+ Kh7 34. Qxf7 Qe4 35. h5 a5 36. Qc7 a4 37. Qc3 Qd4 38. Qg3 Re2 39. Qg6+
Kg8 40. Rf1 Re5 41. Qf7+ Kh8 42. Qg6 Qd8 43. bxa4 Qe7 44. Qf7 Qb4+ 45. Qb3
Qxb3+ 46. cxb3 b5 47. Rf8+ Kh7 48. a5 b4 49. a6 Ra5 50. Rb8 Rxa6 51. Rxb4 Kg8
52. Rh4 Kf7 53. b4 Kf6 54. Rg4 Ra3 55. Kb2 Rh3 56. Rf4+ Ke5 57. Rc4 Rg3 58. Rh4
Kf5 59. b5 Ke5 60. b6 Rd3 61. b7 Rd8 62. Rg4 Kf6 63. Rg6+ Kf7 64. Kc3 Rb8 65.
Rb6 Ke8 66. Kd4 Kd8 67. Ke5 Kc7 68. Rb2 Rxb7 69. Rxb7+ Kxb7 70. Kf5 Kc7 71. Kg6
Kd7 72. Kxg7 Ke7 73. Kxh6 Kf6 1/2-1/2

[Event "OLSW 1819 SC Caissa Schwarzenbach - SC "]
[Site "?"]
[Date "2019.02.03"]
[Round "6.8"]
[White "Holle, Cedric"]
[Black "Jahn, Peter"]
[Result "1-0"]
[WhiteElo "2090"]
[BlackElo "2053"]
[PlyCount "67"]
[EventDate "2019.??.??"]

1. e4 e6 2. d4 d5 3. Nc3 Bb4 4. e5 b6 5. Qg4 Bf8 6. f4 Qd7 7. Nf3 Nc6 8. Be3
Bb7 9. a3 O-O-O 10. Bb5 Nge7 11. Bf2 Nf5 12. Qh3 Be7 13. g4 Nh6 14. O-O-O a6
15. Bd3 Na5 16. f5 Ng8 17. Rhf1 b5 18. Na2 Nc4 19. g5 h6 20. f6 gxf6 21. gxf6
Bf8 22. Qh5 a5 23. Nd2 Ba6 24. Nxc4 dxc4 25. Be4 Bb7 26. d5 Qe8 27. Qh3 Kb8 28.
Qe3 exd5 29. Qa7+ Kc8 30. Bf5+ Rd7 31. Nc3 Qxe5 32. Bd4 Qd6 33. Rde1 c5 34.
Nxb5 1-0

[Event "OLSW 1819 SK Altenkirchen - SK Frankent"]
[Site "?"]
[Date "2019.02.03"]
[Round "6.1"]
[White "Syrov, Arkadi"]
[Black "Bruehl, Andreas"]
[Result "1/2-1/2"]
[WhiteElo "2290"]
[BlackElo "2341"]
[PlyCount "142"]
[EventDate "2019.??.??"]

1. e4 e5 2. Nf3 Nc6 3. Bb5 a6 4. Ba4 Nf6 5. O-O b5 6. Bb3 Bb7 7. Re1 Bc5 8. c3
Bb6 9. d4 d6 10. a4 O-O 11. Bg5 h6 12. Bh4 Qe7 13. Bd5 Rab8 14. Na3 g5 15. Nxg5
Nxd5 16. exd5 hxg5 17. dxc6 Bxc6 18. axb5 axb5 19. dxe5 gxh4 20. Qg4+ Kh8 21.
Qh5+ Kg7 22. Rad1 Rbe8 23. Nxb5 Bxb5 24. Rd5 Bd7 25. e6 f5 26. Re4 Bxe6 27.
Rxf5 Bxf5 28. Rxe7+ Rxe7 29. Qg5+ Kf7 30. Qxf5+ Kg8 31. Qg6+ Rg7 32. Qe6+ Rff7
33. Kf1 Bxf2 34. Qe8+ Rf8 35. Qe6+ Rff7 36. Qe8+ Kh7 37. Qe4+ Rg6 38. Ke2 Kg7
39. Kd3 Rg5 40. b4 Kf8 41. c4 Rgf5 42. Qa8+ Ke7 43. Qc6 Kf8 44. Qa8+ Kg7 45.
Qa1+ Kh7 46. Qa8 Rf4 47. Qe8 Bd4 48. g3 hxg3 49. hxg3 Rf3+ 50. Kxd4 Kg7 51. Qe1
Kf8 52. Kd5 Re7 53. Qa1 Rxg3 54. Qf6+ Ke8 55. c5 dxc5 56. bxc5 Rge3 57. Qh8+
Kf7 58. Qh7+ Kf6 59. Qh6+ Kf5 60. Qf8+ Kg4 61. Kc6 R3e6+ 62. Kb5 c6+ 63. Kb6
Kg5 64. Qg8+ Kf6 65. Qf8+ Ke5 66. Qh8+ Kd5 67. Qh5+ Kc4 68. Qg4+ Re4 69. Qd1
R4e6 70. Qg4+ Kd3 71. Qf3+ Kd4 1/2-1/2

[Event "OLSW 1819 SK Altenkirchen - SK Frankent"]
[Site "?"]
[Date "2019.02.03"]
[Round "6.2"]
[White "Wagener, Claude"]
[Black "Fulea, Dan"]
[Result "1/2-1/2"]
[WhiteElo "2266"]
[BlackElo "2204"]
[PlyCount "64"]
[EventDate "2019.??.??"]

1. e4 d6 2. d4 Nf6 3. Nc3 c6 4. f4 Qa5 5. e5 Ne4 6. Qf3 d5 7. Bd3 Na6 8. Nge2
Nb4 9. O-O Nxd3 10. cxd3 Nxc3 11. bxc3 g6 12. Bd2 h5 13. Qe3 Qa6 14. Rac1 Bh6
15. c4 Be6 16. cxd5 Bxd5 17. Nc3 O-O 18. Nxd5 cxd5 19. Qh3 Qxa2 20. Rf2 Kh7 21.
g4 hxg4 22. Qh4 Kg7 23. Bb4 Qa4 24. Bxe7 Rh8 25. Bf6+ Kh7 26. Bxh8 Rxh8 27. Rc7
Rf8 28. f5 Qxd4 29. Kg2 Qxd3 30. fxg6+ Qxg6 31. Rxb7 Qe4+ 32. Kf1 Qh1+ 1/2-1/2

[Event "OLSW 1819 SK Altenkirchen - SK Frankent"]
[Site "?"]
[Date "2019.02.03"]
[Round "6.3"]
[White "Geyer, Bernhard"]
[Black "Heidorn, Oliver"]
[Result "1-0"]
[WhiteElo "2174"]
[BlackElo "2119"]
[PlyCount "103"]
[EventDate "2019.??.??"]

1. e4 e5 2. Nc3 Nf6 3. g3 Bc5 4. Bg2 Nc6 5. h3 a6 6. Nge2 d6 7. O-O Bd7 8. d3
h6 9. Kh2 Nd4 10. Nxd4 Bxd4 11. Ne2 Bb6 12. c3 Qe7 13. a4 Bc6 14. Qb3 Qe6 15.
c4 a5 16. Nc3 Nd7 17. Nd5 Nc5 18. Qc2 Qd7 19. b3 Bxd5 20. cxd5 Na6 21. Bb2 Nb4
22. Qd2 c6 23. f4 f6 24. Rad1 O-O 25. fxe5 fxe5 26. d4 exd4 27. Bxd4 Bxd4 28.
Qxd4 c5 29. Qc4 Rae8 30. Rxf8+ Rxf8 31. e5 Rf2 32. e6 Qe8 33. Rf1 Rxf1 34. Qxf1
Nc2 35. Qf4 Qe7 36. Qd2 Nd4 37. Qxa5 Nxb3 38. Qa8+ Kh7 39. Be4+ g6 40. Qc8 Kg7
41. Qd7 Kf6 42. Qxe7+ Kxe7 43. Bxg6 c4 44. Kg2 Kf6 45. Bh7 Nc5 46. Bc2 Na6 47.
Kf3 Nb4 48. Be4 Na2 49. Ke3 Nc3 50. a5 Nb5 51. Kd2 Nd4 52. Kc3 1-0

[Event "OLSW 1819 SK Altenkirchen - SK Frankent"]
[Site "?"]
[Date "2019.02.03"]
[Round "6.4"]
[White "Telke, Holger"]
[Black "Kargoll, Peter"]
[Result "1/2-1/2"]
[WhiteElo "2075"]
[BlackElo "2156"]
[PlyCount "34"]
[EventDate "2019.??.??"]

1. d4 d5 2. c4 e6 3. Nc3 Nf6 4. Nf3 Be7 5. Ne5 O-O 6. e3 Nbd7 7. f4 c5 8. cxd5
exd5 9. Bd3 a6 10. O-O b5 11. Rf3 b4 12. Nxd5 Nxd5 13. Bxh7+ Kh8 14. Rh3 N7f6
15. Bf5+ Kg8 16. g4 Bxf5 17. gxf5 Nxf4 1/2-1/2

[Event "OLSW 1819 SK Altenkirchen - SK Frankent"]
[Site "?"]
[Date "2019.02.03"]
[Round "6.5"]
[White "Johann, Christof"]
[Black "Kaster, Martin"]
[Result "1/2-1/2"]
[WhiteElo "2164"]
[BlackElo "2069"]
[PlyCount "81"]
[EventDate "2019.??.??"]

1. e4 d5 2. exd5 Qxd5 3. Nc3 Qd6 4. d4 Nf6 5. Nf3 Bg4 6. h3 Bxf3 7. Qxf3 c6 8.
Be3 e6 9. O-O-O Qc7 10. Kb1 Nbd7 11. g4 Nb6 12. g5 Nfd5 13. Nxd5 Nxd5 14. Bg2
Nxe3 15. fxe3 Be7 16. h4 O-O 17. Qh5 Qa5 18. Qg4 Rad8 19. Be4 e5 20. Rhf1 exd4
21. exd4 Rd6 22. Bd3 Qd8 23. Qe4 g6 24. Bc4 b5 25. Be2 f6 26. gxf6 Bxf6 27. h5
Qe7 28. Qxe7 Bxe7 29. hxg6 hxg6 30. c3 a6 31. Bg4 Bf6 32. Kc2 Kg7 33. Rde1 Bh4
34. Rxf8 Kxf8 35. Re4 Be7 36. b4 Bd8 37. Kd3 a5 38. a3 axb4 39. axb4 Bf6 40.
Ke3 Bg5+ 41. Ke2 1/2-1/2

[Event "OLSW 1819 SK Altenkirchen - SK Frankent"]
[Site "?"]
[Date "2019.02.03"]
[Round "6.6"]
[White "Hoffmann, Thomas"]
[Black "Kuehn, Bernd"]
[Result "1/2-1/2"]
[WhiteElo "2017"]
[BlackElo "2024"]
[PlyCount "86"]
[EventDate "2019.??.??"]

1. d4 d6 2. c4 Nf6 3. Nc3 Nbd7 4. e4 e5 5. d5 Be7 6. Be3 Nc5 7. f3 a5 8. Nge2
O-O 9. g4 Ne8 10. Qd2 h6 11. O-O-O Bg5 12. Bxg5 Qxg5 13. Qxg5 hxg5 14. h4 gxh4
15. Rxh4 g6 16. Bg2 Kg7 17. Rdh1 Kf6 18. Kc2 Bd7 19. Nc1 c6 20. Nd3 Nxd3 21.
Kxd3 Nc7 22. Ke3 b5 23. dxc6 Bxc6 24. Nd5+ Nxd5+ 25. cxd5 Bd7 26. Rc1 Rac8 27.
Rhh1 {(=)} Rxc1 28. Rxc1 Rc8 29. Rxc8 Bxc8 30. Bf1 Bd7 31. a3 Kg5 32. Be2 Kh4
33. b4 axb4 34. axb4 Kg5 35. Bd3 Be8 36. Be2 Bd7 37. Bd3 f6 38. Be2 f5 39. gxf5
gxf5 40. Bd3 fxe4 41. fxe4 Kg4 42. Be2+ Kg3 43. Bd3 Be8 1/2-1/2

[Event "OLSW 1819 SK Altenkirchen - SK Frankent"]
[Site "?"]
[Date "2019.02.03"]
[Round "6.7"]
[White "Tresch, Lukas"]
[Black "Krumm, Johannes"]
[Result "1-0"]
[WhiteElo "2010"]
[BlackElo "2079"]
[PlyCount "80"]
[EventDate "2019.??.??"]

1. e4 Nf6 2. e5 Nd5 3. c4 Nb6 4. d4 d6 5. exd6 cxd6 6. Nc3 g6 7. Be3 Bg7 8. Qd2
Nc6 9. d5 Ne5 10. b3 O-O 11. h3 Re8 12. f4 Ned7 13. Nf3 Nf6 14. Bd3 e6 15. dxe6
Rxe6 16. O-O Nh5 17. Bc2 Qf6 18. Ne4 Rxe4 19. Bxe4 Ng3 20. Bc2 Nxf1 21. Rxf1
Bf8 22. Bd4 Qd8 23. Bb2 Qc7 24. Qc3 f6 25. Qxf6 Bg7 26. Qxg7+ Qxg7 27. Bxg7
Kxg7 28. Rd1 Bd7 29. Rxd6 Bc6 30. Ne5 Re8 31. Kf2 Nc8 32. Rd4 Re6 33. Nxc6 Rxc6
34. Rd7+ Kg8 35. Rxb7 Ra6 36. a4 Nd6 37. Rd7 Ne8 38. Be4 Nf6 39. Bd5+ Kf8 40.
Rb7 Ra5 1-0

[Event "OLSW 1819 SK Altenkirchen - SK Frankent"]
[Site "?"]
[Date "2019.02.03"]
[Round "6.8"]
[White "Giesler, Stephan"]
[Black "Huseynov, Ahad"]
[Result "1/2-1/2"]
[WhiteElo "2052"]
[BlackElo "2055"]
[PlyCount "107"]
[EventDate "2019.??.??"]

1. Nf3 Nf6 2. c4 g6 3. b3 Bg7 4. Bb2 d6 5. g3 O-O 6. Bg2 Bd7 7. O-O Qc8 8. Re1
c5 9. d4 Ne4 10. Nbd2 Nxd2 11. Qxd2 cxd4 12. Bxd4 Nc6 13. Bxg7 Kxg7 14. Rac1
Bh3 15. Bh1 h6 16. b4 Qg4 17. b5 Nd8 18. c5 dxc5 19. Qc3+ Kg8 20. Qxc5 Qe6 21.
Qb4 Qf6 22. Rc7 Re8 23. Rec1 Rb8 24. Qd4 Ne6 25. Qxf6 exf6 26. R7c4 h5 27. Nd2
Red8 28. Nb3 Nf8 29. Rc7 Rd7 30. Rxd7 Bxd7 31. Nd4 Ne6 {(=)} 32. Nxe6 Bxe6 33.
a4 Rc8 34. Rxc8+ Bxc8 35. Be4 Kf8 36. f4 {(=)} Ke7 37. Kf2 Kd6 38. Ke3 Kc5 39.
Kd3 f5 40. Bf3 Kb4 41. Kd4 b6 42. Bc6 Kxa4 43. e4 fxe4 44. Kxe4 Ka5 45. Ke5 a6
46. bxa6 Kxa6 47. Bd5 Bf5 48. Bxf7 b5 49. h3 b4 50. g4 hxg4 51. hxg4 Bxg4 52.
Bxg6 b3 53. Kd4 Kb5 54. Kc3 1/2-1/2

[Event "OLSW 1819 SVG Saarbrücken - Gambit Saar"]
[Site "?"]
[Date "2019.02.03"]
[Round "6.1"]
[White "Muller, Etienne"]
[Black "Philippe, Christophe"]
[Result "1/2-1/2"]
[WhiteElo "2136"]
[BlackElo "2380"]
[PlyCount "75"]
[EventDate "2019.??.??"]

1. e4 c5 2. Nf3 e6 3. d4 cxd4 4. Nxd4 Nc6 5. Nxc6 bxc6 6. Bd3 e5 7. O-O Nf6 8.
c4 Bc5 9. Nc3 d6 10. h3 Rg8 11. Na4 Bd4 12. Be3 g5 13. Bxd4 exd4 14. e5 dxe5
15. Re1 Qe7 16. Qe2 Nd7 17. Bxh7 Rh8 18. Bf5 f6 19. Qf3 Kf7 20. Qxc6 Rb8 21.
Qd5+ Kf8 22. Qe6 Nb6 23. Qxe7+ Kxe7 24. Nxb6 Rxb6 25. Bxc8 Rxc8 26. b3 a5 27.
Rad1 a4 28. Rxd4 axb3 29. axb3 Rxb3 30. h4 Rb1 31. Rd7+ Kxd7 32. Rxb1 gxh4 33.
Rb4 Kd6 34. c5+ Rxc5 35. Rxh4 Rd5 36. g3 f5 37. Kg2 Rd2 38. Rh8 1/2-1/2

[Event "OLSW 1819 SVG Saarbrücken - Gambit Saar"]
[Site "?"]
[Date "2019.02.03"]
[Round "6.2"]
[White "Bastian, Herbert"]
[Black "Erhardt, Michael"]
[Result "1/2-1/2"]
[WhiteElo "2300"]
[BlackElo "2089"]
[PlyCount "83"]
[EventDate "2019.??.??"]

1. e4 c6 2. d4 d5 3. exd5 cxd5 4. c4 Nf6 5. Nc3 Nc6 6. cxd5 Nxd5 7. Nf3 Bg4 8.
Be2 e6 9. O-O Be7 10. Qb3 O-O 11. Rd1 a6 12. a3 Na5 13. Qa2 Rc8 14. Bd2 Nxc3
15. Bxc3 Qb6 16. Re1 Rfd8 17. Rad1 Bf6 18. h3 Bh5 19. g4 Bg6 20. Bf1 Qb3 21.
Qa1 Nc4 22. Ne5 Nxe5 23. dxe5 Bg5 24. Bg2 h5 25. Rd6 hxg4 26. hxg4 Be7 27. Qd1
Bc2 28. Rxd8+ Rxd8 29. Qf3 Rd7 30. Qe3 Bg6 31. Bd4 Qc4 32. Bb6 Qxg4 33. Rc1
Rd1+ 34. Rxd1 Qxd1+ 35. Kh2 Qh5+ 36. Kg1 Bg5 37. Qf3 Qxf3 38. Bxf3 Bc1 39. Bxb7
Bxb2 40. Bxa6 Bxa3 41. Bd4 Bc1 42. Kg2 1/2-1/2

[Event "OLSW 1819 SVG Saarbrücken - Gambit Saar"]
[Site "?"]
[Date "2019.02.03"]
[Round "6.3"]
[White "Gross, Georg"]
[Black "Mohammad, Samir"]
[Result "0-1"]
[WhiteElo "2269"]
[BlackElo "2294"]
[PlyCount "76"]
[EventDate "2019.??.??"]

1. d4 Nf6 2. Nf3 c5 3. d5 d6 4. Nc3 g6 5. e4 Bg7 6. Bb5+ Nfd7 7. a4 O-O 8. O-O
Na6 9. Re1 Nc7 10. Bc4 b6 11. Bf4 Ne5 12. Nxe5 dxe5 13. Be3 Ne8 14. Qe2 Nd6 15.
a5 Bd7 16. f3 Qc7 17. Bb5 Rfb8 18. Ra2 c4 19. Bxd7 Qxd7 20. axb6 axb6 21. Rea1
Rxa2 22. Rxa2 f5 23. Ra6 b5 24. Bc5 b4 25. Nd1 Rc8 26. Bxd6 exd6 27. Qe3 fxe4
28. fxe4 Rf8 29. Nf2 Qf7 30. Ra7 Qf6 31. h3 Bh6 32. Qe1 Qd8 33. Rb7 Qc8 34. Rb5
Qa6 35. Rxb4 Qa7 36. Kh1 Rxf2 37. Rxc4 Qf7 38. Kg1 Rf1+ 0-1

[Event "OLSW 1819 SVG Saarbrücken - Gambit Saar"]
[Site "?"]
[Date "2019.02.03"]
[Round "6.4"]
[White "Thomas, Anysia"]
[Black "Forthoffer, Patrick"]
[Result "1/2-1/2"]
[WhiteElo "2160"]
[BlackElo "2192"]
[PlyCount "116"]
[EventDate "2019.??.??"]

1. d4 Nf6 2. c4 d6 3. Nf3 Bf5 4. Nc3 h6 5. g3 Nbd7 6. Bg2 c6 7. O-O e5 8. d5 c5
9. Nh4 Bh7 10. e4 Be7 11. Qe2 O-O 12. Bh3 Ne8 13. Nf5 Bg5 14. f4 Bxf5 15. Bxf5
Be7 16. Bxd7 Qxd7 17. f5 Nf6 18. Rf2 Nh7 19. h4 Rfb8 20. Bd2 a6 21. a4 b6 22.
Raf1 Qd8 23. Rh2 Ra7 24. Be1 f6 25. Bd2 Qe8 26. g4 Bd8 27. Kh1 Kh8 28. Rg1 Kg8
29. Rh3 Qf7 30. Qh2 Kf8 31. g5 fxg5 32. hxg5 Nxg5 33. Bxg5 hxg5 34. Rh8+ Ke7
35. Rxg5 Kd7 36. Rg6 Rab7 37. Qh5 Bf6 38. Rh7 Rg8 39. Kg2 Ke7 40. Kf1 Rbb8 41.
Qh3 Qf8 42. Ne2 Rh8 43. Rgh6 Rxh7 44. Rxh7 Qe8 45. b3 b5 46. axb5 axb5 47. cxb5
Qxb5 48. Qg3 Qe8 49. Qc3 Qb5 50. Qg3 Qe8 51. Rh3 Rb4 52. Qd3 Qb5 53. Qxb5 Rxb5
54. Rd3 Rb4 55. Ng3 Bh4 56. Kg2 Bxg3 57. Rxg3 Rxe4 58. Rxg7+ Kf6 1/2-1/2

[Event "OLSW 1819 SVG Saarbrücken - Gambit Saar"]
[Site "?"]
[Date "2019.02.03"]
[Round "6.5"]
[White "Vogel, Christian"]
[Black "Frantz, Nicolas"]
[Result "1-0"]
[WhiteElo "2204"]
[BlackElo "2105"]
[PlyCount "47"]
[EventDate "2019.??.??"]

1. Nf3 c5 2. g3 Nc6 3. c4 g6 4. Bg2 Bg7 5. Nc3 e6 6. O-O Nge7 7. e3 O-O 8. d4
cxd4 9. Nxd4 d5 10. cxd5 Nxd4 11. exd4 Nxd5 12. Qb3 Bxd4 13. Bxd5 exd5 14. Bh6
Re8 15. Rad1 Qb6 16. Nxd5 Qc5 17. Rxd4 Qxd4 18. Rd1 Qe5 19. f4 Qe6 20. Qc3 f6
21. Nxf6+ Kf7 22. Nxe8 Kxe8 23. Qh8+ Ke7 24. Qf8# 1-0

[Event "OLSW 1819 SVG Saarbrücken - Gambit Saar"]
[Site "?"]
[Date "2019.02.03"]
[Round "6.6"]
[White "Busche, Stefan"]
[Black "Haenssel, Christian"]
[Result "1-0"]
[WhiteElo "2070"]
[BlackElo "2112"]
[PlyCount "73"]
[EventDate "2019.??.??"]

1. e4 c5 2. Nf3 d6 3. d4 cxd4 4. Nxd4 Nf6 5. Nc3 a6 6. Be3 e6 7. f3 b5 8. Qd2
b4 9. Na4 Nbd7 10. g4 h6 11. h4 d5 12. Bh3 Qa5 13. b3 dxe4 14. g5 Nd5 15. g6
N7f6 16. gxf7+ Kxf7 17. fxe4 Nxe4 18. O-O+ Nef6 19. Rae1 Bd6 20. Bxe6+ Bxe6 21.
Nxe6 Rhe8 22. Bb6 Qb5 23. Nd4 Qd7 24. Rxe8 Rxe8 25. Nf5 Bf4 26. Rxf4 Nxf4 27.
Qxd7+ Nxd7 28. Nd6+ Kf8 29. Nxe8 Nxb6 30. Nd6 Nxa4 31. bxa4 Ke7 32. Ne4 Ne6 33.
Kf2 Kd7 34. Ke3 Kc6 35. Ng3 g5 36. h5 Ng7 37. Kd4 {ZÜ} 1-0

[Event "OLSW 1819 SVG Saarbrücken - Gambit Saar"]
[Site "?"]
[Date "2019.02.03"]
[Round "6.7"]
[White "Panfilenko, Wladimir"]
[Black "Pernutz, Hans-Gerhard"]
[Result "1-0"]
[WhiteElo "1950"]
[BlackElo "2053"]
[PlyCount "73"]
[EventDate "2019.??.??"]

1. d4 Nf6 2. c4 c5 3. d5 b5 4. a4 bxc4 5. Nc3 d6 6. e4 g6 7. Nf3 Nfd7 8. a5 Bg7
9. Bxc4 O-O 10. Qe2 Ne5 11. Nxe5 Bxe5 12. O-O Bg7 13. Bd2 Nd7 14. f4 Rb8 15.
Ra2 f6 16. Nb5 Ra8 17. Bc3 a6 18. Na3 Rf7 19. Raa1 Qc7 20. Kh1 Bb7 21. e5 fxe5
22. fxe5 Rxf1+ 23. Rxf1 Nxe5 24. Bxe5 Bxe5 25. Qxe5 dxe5 26. d6+ Kh8 27. dxc7
Rc8 28. Be6 Rxc7 29. Nc4 e4 30. Kg1 Bc6 31. Nb6 Kg7 32. Rf7+ Kh6 33. Kf2 e3+
34. Kxe3 Bxg2 35. b3 Bc6 36. Nc8 Rb7 37. Nxe7 1-0

[Event "OLSW 1819 SVG Saarbrücken - Gambit Saar"]
[Site "?"]
[Date "2019.02.03"]
[Round "6.8"]
[White "Biehl, Tim"]
[Black "Gerhard, Hans"]
[Result "0-1"]
[WhiteElo "1974"]
[BlackElo "1915"]
[PlyCount "46"]
[EventDate "2019.??.??"]

1. e4 d6 2. d4 Nf6 3. Nc3 g6 4. Be3 Bg7 5. Qd2 a6 6. a4 O-O 7. h3 b6 8. f4 Bb7
9. Bd3 c5 10. d5 e6 11. Bc4 exd5 12. exd5 Qe7 13. Nf3 Re8 14. Kf2 Ne4+ 15. Nxe4
Qxe4 16. Qd3 Qxd3 17. cxd3 Nd7 18. Rab1 Nf6 19. b4 Bxd5 20. bxc5 bxc5 21. Rb6
Bxc4 22. dxc4 Ne4+ 23. Ke2 Ng3+ 0-1

[Event "OLSW 1819 SK Landau - Gambit Saarbrück"]
[Site "?"]
[Date "2019.02.24"]
[Round "7.1"]
[White "Muller, Etienne"]
[Black "Silber, Henning"]
[Result "1/2-1/2"]
[WhiteElo "2145"]
[BlackElo "2301"]
[PlyCount "20"]
[EventDate "2019.??.??"]

1. e4 e5 2. Nf3 Nc6 3. Bc4 Nf6 4. Ng5 d5 5. exd5 Na5 6. Bb5+ Bd7 7. Qe2 Be7 8.
d4 O-O 9. dxe5 Nxd5 10. Nf3 Bxb5 1/2-1/2

[Event "OLSW 1819 SK Landau - Gambit Saarbrück"]
[Site "?"]
[Date "2019.02.24"]
[Round "7.2"]
[White "Becking, Stephan"]
[Black "Erhardt, Michael"]
[Result "1-0"]
[WhiteElo "2414"]
[BlackElo "2074"]
[PlyCount "79"]
[EventDate "2019.??.??"]

1. d4 d5 2. Nf3 Nf6 3. c4 e6 4. Nc3 Be7 5. Bg5 O-O 6. e3 h6 7. Bh4 b6 8. Bd3
dxc4 9. Bxc4 Bb7 10. O-O Ne4 11. Bxe7 Qxe7 12. Bd3 Nxc3 13. bxc3 Nd7 14. Re1 c5
15. a4 cxd4 16. cxd4 e5 17. Be2 exd4 18. Nxd4 Rfd8 19. a5 Rab8 20. Bf3 Ne5 21.
Bxb7 Qxb7 22. Qh5 Rd5 23. Reb1 Nc4 24. Nf5 Nd2 25. Rb4 Qd7 26. Rf4 Nb3 27. Rf1
Rd8 28. Qg4 Rxf5 29. Rxf5 Nxa5 30. e4 Nb3 31. h3 Qd4 32. Rd5 Rxd5 33. exd5 Qxg4
34. hxg4 Kf8 35. Re1 Nc5 36. d6 a5 37. f4 g6 38. f5 Kg7 39. Rb1 Nd7 40. Rc1 1-0

[Event "OLSW 1819 SK Landau - Gambit Saarbrück"]
[Site "?"]
[Date "2019.02.24"]
[Round "7.3"]
[White "Gross, Georg"]
[Black "Bruch, Jochen"]
[Result "1-0"]
[WhiteElo "2264"]
[BlackElo "2186"]
[PlyCount "73"]
[EventDate "2019.??.??"]

1. d4 Nf6 2. Nf3 g6 3. g3 Bg7 4. Bg2 O-O 5. O-O d6 6. c4 Nbd7 7. Qc2 e5 8. Rd1
Re8 9. dxe5 dxe5 10. e4 c6 11. h3 Qc7 12. Be3 Nf8 13. Bc5 N6d7 14. Bd6 Qd8 15.
c5 Qf6 16. Nbd2 g5 17. Nc4 Ng6 18. Qd2 h6 19. Qa5 h5 20. Rd3 Ngf8 21. Rad1 Qg6
22. Bc7 f6 23. Nd6 Re6 24. Nxc8 Rxc8 25. Rxd7 Nxd7 26. Rxd7 Qxe4 27. Qxa7 Qb4
28. Bd6 Bh6 29. Rxb7 Qe4 30. Kh2 Qc2 31. Nd2 Qf5 32. Ne4 Qg6 33. Re7 f5 34. Qd7
Rxe7 35. Qxc8+ Re8 36. Qxe8+ Qxe8 37. Nf6+ 1-0

[Event "OLSW 1819 SK Landau - Gambit Saarbrück"]
[Site "?"]
[Date "2019.02.24"]
[Round "7.4"]
[White "Bernhardt, Rolf"]
[Black "Forthoffer, Patrick"]
[Result "1/2-1/2"]
[WhiteElo "2221"]
[BlackElo "2163"]
[PlyCount "49"]
[EventDate "2019.??.??"]

1. e4 Nc6 2. d4 d5 3. Nc3 e6 4. Nf3 Nf6 5. Bg5 Be7 6. e5 Ne4 7. Bxe7 Qxe7 8. a3
Nxc3 9. bxc3 Na5 10. Nd2 Bd7 11. Bd3 a6 12. O-O Bb5 13. Qb1 Bxd3 14. cxd3 O-O
15. Qb4 Qxb4 16. axb4 Nc6 17. Nb3 b6 18. Ra3 Ra7 19. Rfa1 Rfa8 20. Kf1 Kf8 21.
Ke2 a5 22. bxa5 Nxa5 23. Kd1 Nc6 24. Rxa7 Rxa7 25. Rxa7 1/2-1/2

[Event "OLSW 1819 SK Landau - Gambit Saarbrück"]
[Site "?"]
[Date "2019.02.24"]
[Round "7.5"]
[White "Vogel, Christian"]
[Black "Silber, Gerhard"]
[Result "1-0"]
[WhiteElo "2200"]
[BlackElo "2225"]
[PlyCount "77"]
[EventDate "2019.??.??"]

1. d4 d5 2. c4 e6 3. Nc3 Nf6 4. cxd5 exd5 5. Bg5 Be7 6. e3 Nbd7 7. Bd3 Nf8 8.
Nge2 Ne6 9. Bh4 O-O 10. Qc2 g6 11. Rd1 c6 12. O-O Nh5 13. Bxe7 Qxe7 14. f3 f5
15. e4 dxe4 16. fxe4 f4 17. d5 Ng5 18. d6 Qe5 19. Bc4+ Be6 20. Bxe6+ Nxe6 21.
Qd3 Rad8 22. g3 Rd7 23. Kh1 fxg3 24. Rxf8+ Kxf8 25. hxg3 Nf6 26. Qe3 Kg7 27.
Nf4 Ng4 28. Nxe6+ Qxe6 29. Qd4+ Ne5 30. Kg2 b6 31. Ne2 g5 32. Qe3 h6 33. Nd4
Qg4 34. Nf5+ Kf6 35. Rf1 Kg6 36. Qd4 Nf7 37. Qg7+ Kh5 38. Rh1+ Qh4 39. Rxh4+
1-0

[Event "OLSW 1819 SK Landau - Gambit Saarbrück"]
[Site "?"]
[Date "2019.02.24"]
[Round "7.6"]
[White "Moeldner, Juergen"]
[Black "Haenssel, Christian"]
[Result "1-0"]
[WhiteElo "2239"]
[BlackElo "2098"]
[PlyCount "73"]
[EventDate "2019.??.??"]

1. e4 c5 2. Nf3 d6 3. d4 cxd4 4. Nxd4 Nf6 5. Nc3 a6 6. Bg5 Nc6 7. Qd2 e6 8.
O-O-O h6 9. Bf4 Bd7 10. Nb3 Ne5 11. Bg3 Nh5 12. f4 Nxg3 13. hxg3 Nc6 14. g4 Rc8
15. Be2 Na5 16. g3 b5 17. Qd4 Qc7 18. Nxa5 Qxa5 19. a3 Qc7 20. Rh5 Rg8 21. Qd3
g6 22. Rh2 Qc5 23. e5 Bc6 24. exd6 Kd7 25. Bf3 Bg7 26. Ne4 Qb6 27. f5 b4 28.
fxe6+ fxe6 29. a4 Bxa4 30. Kb1 b3 31. c4 Qb4 32. Rxh6 Bc6 33. Rh7 Bxe4 34. Qxe4
Rxc4 35. Qxg6 Qa4 36. Qf7+ Kc8 37. Qxg8+ 1-0